000 00481nam a22001697a 4500
005 20240402073731.0
008 240304b |||||||| |||| 00| 0 eng d
022 _a10233806
041 _aEnglish
082 _a349 BUT
100 _lEnglish
245 _aButterworths Law Reports : Labour Law
260 _aDurban :
_bLexisNexis (Pty) Ltd,
_c2015
300 _bxxii, 105 pages ;
_c25 cm.
650 _aLegal practice
_bLaw
942 _cBK
_6ALISON_BN_VRIES
999 _c1402
_d1402